Statistics for Countries Closest to Colombia

Click here to take the quiz!

General Stats

  • This quiz has been taken 1,467 times
  • The average score is 15 of 20

Answer Stats

kmcountrymiles% Correct
0Brazil0
98%
0Venezuela0
97%
0Panama0
96%
0Ecuador0
94%
0Peru0
94%
559Costa Rica347
89%
665Guyana413
87%
728Nicaragua453
84%
944Honduras587
80%
745Trinidad and Tobago463
79%
891Cuba554
76%
621Haiti386
76%
781Jamaica486
76%
573Dominican Republic356
73%
896Grenada557
68%
970Saint Vincent and
the Grenadines
603
68%
125Aruba78
56%
765United States
at Puerto Rico
475
55%
214Curaçao133
48%
294Netherlands
at Bonaire
182
33%

Score Distribution

Percentile by Number Answered

Percent of People with Each Score

Your Score History

You have not taken this quiz